Normal view
MARC view
- كاسيرر، أرنست ؛ ترجمة: أحمد حمدي محمود ؛ مراجعة: علي أدهم
Entry Personal Name
001 - CONTROL NUMBER
- control field: 15763
003 - CONTROL NUMBER IDENTIFIER
- control field: JO-AjAnu
005 - DATE AND TIME OF LATEST TRANSACTION
- control field: 20230606072820.0
008 - FIXED-LENGTH DATA ELEMENTS
- fixed length control field: 230606|| aca||aabn | a|a d
040 ## - CATALOGING SOURCE
- Original cataloging agency: JO-AjAnu
- Transcribing agency: JO-AjAnu
100 ## - HEADING--PERSONAL NAME
- Personal name: كاسيرر، أرنست ؛ ترجمة: أحمد حمدي محمود ؛ مراجعة: علي أدهم
670 ## - SOURCE DATA FOUND
- Source citation: Work cat.: (JO-AjAnu)8095: كاسيرر، أرنست ؛ ترجمة: أحمد حمدي محمود ؛ مراجعة: علي أدهم, author, في المعرفة التاريخية